Happiest Countries- Map Quiz - Statistics

General Stats
  • This quiz has been taken 48 times
  • The average score is 15 of 15
Answers on the Map
Answers color-coded by a green-red scale on the quiz's map according to % correct below.
 
Answer Stats
Answer % Correct
Australia
100%
Brazil
100%
Italy
100%
Portugal
100%
Spain
100%
Denmark
98%
Iceland
98%
Switzerland
98%
Thailand
98%
Ireland
96%
New Zealand
96%
Finland
93%
Netherlands
93%
Norway
93%
Sweden
91%
No matching quizzes found
Score Distribution
Percent of People with Each Score
Percentile by Number Answered
Your Score History
You have not taken this quiz